Análisis de la prueba

Gorde:
Xehetasun bibliografikoak
Egile Nagusiak: Anderson, Terence (Egilea), Schum, David (Egilea), Twining, William (Egilea)
Formatua: Liburua
Hizkuntza:gaztelania
Argitaratua: Madrid, España Marcial Pons 2015
Edizioa:1a. ed
Saila:Colección Proceso y Derecho
Gaiak:
Sarrera elektronikoa:Disponible Online
Etiketak: Etiketa erantsi
Etiketarik gabe, Izan zaitez lehena erregistro honi etiketa jartzen!

MARC

LEADER 00000cam a2200000 a 4500
001 UCD4593
003 CL-VaPUC
005 20210818101523.0
008 160713e20150000sp |||||||||||||||||spa|d
999 |c 365476  |d 365474 
020 |a 9788416402632 
040 |c Pontificia Universidad Católica de Valparaíso 
082 0 4 |a 347.06 AND 2015  |2 21 
100 0 |a Anderson, Terence  |e author  |9 588314 
245 1 0 |a Análisis de la prueba 
250 |a 1a. ed 
260 |a Madrid, España   |b Marcial Pons  |c 2015 
300 |a 463 páginas  
440 |a Colección Proceso y Derecho  |9 859393 
583 |a last modification  |c 20160713 20:53:00  |k Rodrigo Vera 
650 0 |a Derecho probatorio  |2 CL-VaPUC  |9 378460 
650 0 |a Prueba  |9 256247 
650 0 |a Procedimiento civil  |9 254870 
700 0 |a Schum, David  |e author  |9 588315 
700 0 |a Twining, William  |e author  |9 588316 
856 |u http://bibliografiadigital.pucv.cl.pucv.idm.oclc.org/index.php/bibliotecapucv/catalog/book/408  |y Disponible Online  
942 |c BK  |2 ddc 
945 |d 20160713 20:53:00  |a arojas 
952 |0 0  |1 0  |3 erb  |4 0  |6 347_060000000000000_AND_2015  |7 0  |8 A  |9 479340  |a BIBDER  |b BIBDER  |i 5296978  |l 4  |o 347.06 AND 2015  |p 5296978  |r 2023-01-25  |s 2022-04-05  |w 2019-11-24  |y BK  |z Catalogado en:20160713  |k DER